Largest City Beginning with a Vowel By State - Statistics

General Stats
  • This quiz has been taken 410 times
  • The average score is 17 of 50
Answer Stats
State Population City % Correct
Georgia 443,775 Atlanta
88%
Texas 820,611 Austin
87%
New Mexico 555,417 Albuquerque
84%
Alaska 291,826 Anchorage
83%
Indiana 820,445 Indianapolis
82%
New York 97,660 Albany
81%
Oregon 50,158 Albany
81%
Oklahoma 579,999 Oklahoma City
79%
Nebraska 408,958 Omaha
77%
Ohio 199,110 Akron
69%
Maryland 38,880 Annapolis
67%
Florida 239,037 Orlando
67%
Colorado 339,030 Aurora
60%
Illinois 197,899 Aurora
60%
Michigan 113,934 Ann Arbor
58%
California 390,724 Oakland
50%
Pennsylvania 118,032 Allentown
48%
Louisiana 47,723 Alexandria
44%
Virginia 146,294 Alexandria
44%
North Carolina 85,712 Asheville
34%
Iowa 67,862 Iowa City
33%
Idaho 56,813 Idaho Falls
29%
Kansas 173,372 Overland Park
27%
New Jersey 124,969 Elizabeth
26%
Wisconsin 72,623 Appleton
24%
Alabama 53,380 Auburn
24%
Maine 23,055 Auburn
24%
South Dakota 26,091 Aberdeen
23%
Washington 103,019 Everett
22%
Missouri 117,270 Independence
21%
Utah 88,328 Orem
18%
Nevada 18,546 Elko
14%
Kentucky 57,265 Owensboro
13%
Wyoming 12,359 Evanston
12%
South Carolina 29,627 Aiken
10%
Rhode Island 47,037 East Providence
10%
Hawaii 49,914 East Honolulu
9%
Vermont 18,626 Essex
8%
Arizona 76,238 Avondale
7%
Connecticut 51,252 East Hartford
6%
Montana 9,298 Anaconda
5%
Massachusetts 43,593 Attleboro
4%
Minnesota 64,206 Eagan
4%
New Hampshire 14,306 Exeter
3%
Tennessee 27,387 Oak Ridge
2%
Arkansas 18,884 El Dorado
1%
Delaware 6,172 Elsmere
1%
North Dakota 1,856 Oakes
1%
Mississippi 34,512 Olive Branch
1%
West Virginia 7,730 Oak Hill
0%
No matching quizzes found
Score Distribution
Percent of People with Each Score
Percentile by Number Answered
Your Score History
You have not taken this quiz